| 000 | 00557nam a22001697a 4500 | ||
|---|---|---|---|
| 003 | NUST | ||
| 038 | _aNusrat Nadeem | ||
| 082 | _a200 | ||
| 100 |
_aJabeen, Sidrah _996851 |
||
| 245 |
_aDesign of a High Capacity Chipless Tag for Radio Frequency Identification Applications / _cSidrah Jabeen |
||
| 264 |
_aIslamabad : _bSEECS, NUST, _c2022. |
||
| 300 | _a60 p. ; | ||
| 650 |
_aMS-Electrical Engineering _923567 |
||
| 700 |
_aSupervisor: Dr. Farooq Ahmad Tahir _996850 |
||
| 856 | _uhttp://10.250.8.41:8080/xmlui/handle/123456789/29458 | ||
| 942 |
_2ddc _cSC |
||
| 999 |
_c590900 _d590900 |
||